Seasons | Answer |
15 | Aaron, Hank | | 95.3% | 8 P | Maddux, Greg | | 95.3% | 4 P | Maddux, Greg | | 95.3% | 14 | Bonds, Barry | | 93.3% | 14 | Schmidt, Mike | | 93.3% | 13 | Mays, Willie | | 93.3% | 12 | Musial, Stan | | 93.3% | 5 | Bonds, Barry | | 93.3% | 10 | Clemente, Roberto | | 92.6% | 6 | Jones, Andruw | | 91.9% | 5 | Jones, Chipper | | 91.9% | 9 | Pujols, Albert | | 89.9% | 10 P | Gibson, Bob | | 87.9% | 14 | Wagner, Honus | | 86.6% | 10 P | Carlton, Steve | | 85.9% | 7 | Banks, Ernie | | 85.2% | 8 P | Seaver, Tom | | 83.9% | 5 P | Johnson, Randy | | 83.9% | 8 | Gwynn, Tony | | 83.2% | 6 P | Smoltz, John | | 83.2% | 4 P | Koufax, Sandy | | 83.2% | 15 P | Spahn, Warren | | 82.6% | 14 | Ott, Mel | | 81.2% | 8 | Yount, Robin | | 81.2% | 5 | Morgan, Joe | | 81.2% | 9 | Sosa, Sammy | | 79.9% | 12 P | Niekro, Phil | | 79.2% | 4 | Rose, Pete | | 79.2% | 10 | Larkin, Barry | | 77.9% | 6 | Helton, Todd | | 77.9% | 5 | Walker, Larry | | 77.9% | 6 | Molitor, Paul | | 75.8% | 6 | Williams, Cy | | 75.8% | 7 P | Drysdale, Don | | 75.8% | 4 | Williams, Billy | | 75.8% | 7 | Sandberg, Ryne | | 75.2% | 7 | Smith, Ozzie | | 75.2% | 7 | Utley, Chase | | 75.2% | 4 P | Smith, Bob | | 75.2% | 6 P | Kershaw, Clayton | | 74.6% | 7 | Robinson, Frank | | 74.5% | 5 | Robinson, Jackie | | 74.5% | 8 | Santo, Ron | | 73.8% | 10 P | Mathewson, Christy | | 73.8% | 7 P | Marichal, Juan | | 72.5% | 11 | Hornsby, Rogers | | 71.8% | 7 P | Jenkins, Fergie | | 71.1% | 5 | Guerrero, Vladimir | | 68.5% | 4 | Guerrero, Pedro | | 68.5% |
|
Seasons | Answer |
7 | Waner, Paul | | 65.8% | 8 P | Roberts, Brian | | 65.1% | 5 | Snider, Duke | | 64.4% | 7 | Carter, Gary | | 63.8% | 4 P | Gooden, Dwight | | 63.1% | 7 | Kiner, Ralph | | 59.7% | 4 | Wilson, Hack | | 59.7% | 7 | Murphy, Dale | | 57.7% | 8 | Ashburn, Richie | | 57% | 5 P | Schilling, Curt | | 56.4% | 4 P | Sutton, Don | | 56.4% | 9 P | Rogers, Steve | | 55.7% | 6 | Votto, Joey | | 55% | 5 | Wright, David | | 54.4% | 7 P | Alexander, Pete | | 53% | 6 P | Alexander, Pete | | 53% | 5 | Piazza, Mike | | 52.3% | 4 | Clark, Jack | | 52.3% | 4 P | Clark, Watty | | 52.3% | 4 | Parker, Dave | | 52.3% | 5 P | Carpenter, Chris | | 51% | 9 P | Hubbell, Carl | | 49.7% | 4 P | Hamels, Cole | | 49.3% | 4 P | Cooper, Wilbur | | 49% | 6 P | Dean, Dizzy | | 48.3% | 5 | Klein, Chuck | | 47% | 4 | Foster, George | | 46.3% | 6 | Simmons, Ted | | 45.6% | 8 | Vaughan, Arky | | 44.3% | 4 | Mize, Johnny | | 44.3% | 4 | Thomas, Roy | | 44.3% | 6 | Cey, Ron | | 43% | 4 P | Wainwright, Adam | | 42.3% | 5 | Allen, Dick | | 41.6% | 5 P | Rijo, Jose | | 40.3% | 4 | Kluszewski, Ted | | 39.6% | 5 | McCutchen, Andrew | | 39.4% | 6 | Tulowitzki, Troy | | 39.4% | 4 P | Webb, Brandon | | 38.3% | 5 P | Peavy, Jake | | 36.9% | 4 | Chance, Frank | | 36.2% | 6 P | Vance, Dazzy | | 34.2% | 7 | Boyer, Ken | | 33.6% | 6 P | Reuschel, Rick | | 33.6% | 4 P | Higuera, Teddy | | 32.9% | 4 P | Sheets, Ben | | 32.9% | 4 P | Vaughn, Hippo | | 32.9% | 4 P | Cueto, Johnny | | 32.4% | 7 | Wheat, Zack | | 31.5% |
|
Seasons | Answer |
5 | Abreu, Bobby | | 31.5% | 4 | Frisch, Frankie | | 31.5% | 4 P | Drabek, Doug | | 30.2% | 4 | Stanton, Giancarlo | | 29.6% | 6 P | Friend, Bob | | 28.9% | 4 | Giles, Brian | | 27.5% | 4 P | Soto, Mario | | 24.2% | 7 | Carey, Max | | 23.5% | 4 P | Candelaria, John | | 22.8% | 4 P | Maloney, Jim | | 20.8% | 5 | Herman, Billy | | 20.1% | 4 | Herman, Babe | | 20.1% | 4 P | Leiter, Al | | 17.4% | 4 P | Veale, Bob | | 16.8% | 5 P | Adams, Babe | | 15.4% | 5 P | Rixey, Eppa | | 14.8% | 4 | Hack, Stan | | 14.1% | 6 | Maranville, Rabbit | | 11.4% | 4 | Sauer, Hank | | 11.4% | 6 | Berger, Wally | | 10.1% | 5 P | Walters, Bucky | | 10.1% | 4 | Holmes, Tommy | | 10.1% | 6 | Magee, Sherry | | 8.1% | 4 P | Nolan, Gary | | 8.1% | 4 P | Derringer, Paul | | 6.7% | 4 P | Roe, Preacher | | 6.7% | 5 | Cravath, Gavvy | | 6% | 6 P | Rucker, Nap | | 6% | 4 P | Hahn, Noodles | | 6% | 4 | Nicholson, Bill | | 6% | 5 | Groh, Heinie | | 5.4% | 4 P | Warneke, Lon | | 5.4% | 4 | Cirillo, Jeff | | 4.7% | 4 P | Meadows, Lee | | 3.4% | 5 | Fletcher, Art | | 2.7% | 5 | Tenney, Fred | | 2.7% | 6 P | Passeau, Claude | | 2.7% | 4 | Daubert, Jake | | 2.7% | 5 | Konetchy, Ed | | 2% | 5 P | Rush, Bob | | 2% | 4 P | Dickson, Murry | | 2% | 4 P | Doak, Bill | | 2% | 4 P | Sparks, Tully | | 2% | 5 | Frey, Lonny | | 1.3% | 4 P | Lucas, Red | | 1.3% | 4 P | Mungo, Van | | 1.3% | 4 P | Pfeffer, Jeff | | 1.3% | 4 P | Schumacher, Hal | | 0.7% |
|
Comments